<?xml version="1.0" encoding="UTF-8"?>
<record
    xmlns:xsi="http://www.w3.org/2001/XMLSchema-instance"
    xsi:schemaLocation="http://www.loc.gov/MARC21/slim http://www.loc.gov/standards/marcxml/schema/MARC21slim.xsd"
    xmlns="http://www.loc.gov/MARC21/slim">

  <leader>02700nam a22003977a 4500</leader>
  <controlfield tag="003">CHAP</controlfield>
  <controlfield tag="005">20250224110708.0</controlfield>
  <controlfield tag="008">100310s2009    mx      r     00010 spa d</controlfield>
  <datafield tag="035" ind1=" " ind2=" ">
    <subfield code="a">109365</subfield>
  </datafield>
  <datafield tag="040" ind1=" " ind2=" ">
    <subfield code="c">CHAP</subfield>
  </datafield>
  <datafield tag="090" ind1=" " ind2=" ">
    <subfield code="a">Tesis</subfield>
  </datafield>
  <datafield tag="100" ind1="1" ind2=" ">
    <subfield code="a">R&#xED;os Ben&#xED;tes, Marieli.</subfield>
    <subfield code="9">99180</subfield>
  </datafield>
  <datafield tag="245" ind1="1" ind2="0">
    <subfield code="a">Optimizaci&#xF3;n de la nixtamalizaci&#xF3;n de amaranto (Amaranthus hypochongriacus) para obtener harina y tortillas enriquecidas</subfield>
    <subfield code="c">/por Marieli R&#xED;os Ben&#xED;tes y Roberto Nieves Gonz&#xE1;lez</subfield>
  </datafield>
  <datafield tag="264" ind1=" " ind2=" ">
    <subfield code="a">Chapingo, M&#xE9;x. :</subfield>
    <subfield code="b">El autor,</subfield>
    <subfield code="c">2009.</subfield>
  </datafield>
  <datafield tag="300" ind1=" " ind2=" ">
    <subfield code="a">vii, 68 h. :</subfield>
    <subfield code="b">ilus., cuadros, gr&#xE1;fs.</subfield>
  </datafield>
  <datafield tag="502" ind1=" " ind2=" ">
    <subfield code="b">IA</subfield>
    <subfield code="c">Agroindustrias</subfield>
    <subfield code="d">2009.</subfield>
  </datafield>
  <datafield tag="520" ind1=" " ind2=" ">
    <subfield code="a">El presente estudio fue realizado con el objetivo de desarrollar una alternativa adicional de uso del amaranto con finalidad alimenticia, optimizando el proceso de nixtamalizaci&#xF3;n del grano de amaranto para la obtenci&#xF3;n de harina para elaborar tortillas de mesa, y as&#xED; aumentar su valor nutricional. Al mismo tiempo, proponer un m&#xE9;todo industrial para obtener harina de amaranto nixtamalizado (HAN). Para lo cual se nixtamaliz&#xF3; el grano de amaranto (variedad Nutrisol), originaria del estado de Oaxaca, M&#xE9;xico. Se trabaj&#xF3; con 18 tratamientos de nixtamalizaci&#xF3;n con tres repeticiones, combinando concentraciones de Ca OH2 (0.2, 0.4 y 0.6%), tiempos de cocci&#xF3;n (9 y 11 min.) y tiempos de reposo a baja temperatura (30, 60 y 90 min). Se encontr&#xF3; que las condiciones &#xF3;ptimas para obtener harina de amaranto nixtamalizado con alto porcentaje de prote&#xED;na es con una concentraci&#xF3;n de 0.23 % de cal, 9.25 minutos de cocci&#xF3;n y 90.0 minutos de reposo. Sin embargo, para obtener una harina de amaranto nixtamalizado alta en calcio, entonces el punto &#xF3;ptimo es 0.6 % de Cal, 11.0 minutos de cocci&#xF3;n y 90.0 minutos de reposo. Las tortillas elaboradas con la mezcla con 10 % de harina de amaranto nixtamalizado fueron de buena calidad nutricional y sensorial. </subfield>
  </datafield>
  <datafield tag="590" ind1=" " ind2=" ">
    <subfield code="a">ALEPH</subfield>
    <subfield code="b">10</subfield>
    <subfield code="c">20130110</subfield>
  </datafield>
  <datafield tag="590" ind1=" " ind2=" ">
    <subfield code="a">BATCH-UPD</subfield>
    <subfield code="b">10</subfield>
    <subfield code="c">20130110</subfield>
  </datafield>
  <datafield tag="590" ind1=" " ind2=" ">
    <subfield code="a">BATCH-UPD</subfield>
    <subfield code="b">10</subfield>
    <subfield code="c">20130410</subfield>
  </datafield>
  <datafield tag="590" ind1=" " ind2=" ">
    <subfield code="a">BATCH-UPD</subfield>
    <subfield code="b">10</subfield>
    <subfield code="c">20130914</subfield>
  </datafield>
  <datafield tag="590" ind1=" " ind2=" ">
    <subfield code="a">CONVERSION</subfield>
    <subfield code="b">10</subfield>
    <subfield code="c">20130109</subfield>
  </datafield>
  <datafield tag="650" ind1="1" ind2="4">
    <subfield code="a">Amaranthus hypochondriacus.</subfield>
    <subfield code="9">5106</subfield>
  </datafield>
  <datafield tag="650" ind1="1" ind2="4">
    <subfield code="a">Amaranto</subfield>
    <subfield code="x">Procesado.</subfield>
    <subfield code="9">5138</subfield>
  </datafield>
  <datafield tag="650" ind1="1" ind2="4">
    <subfield code="a">Harina de amaranto.</subfield>
    <subfield code="9">52693</subfield>
  </datafield>
  <datafield tag="650" ind1="1" ind2="4">
    <subfield code="a">Harina de ma&#xED;z.</subfield>
    <subfield code="9">52713</subfield>
  </datafield>
  <datafield tag="650" ind1="1" ind2="4">
    <subfield code="a">Nixtamalizaci&#xF3;n.</subfield>
    <subfield code="9">81486</subfield>
  </datafield>
  <datafield tag="650" ind1="1" ind2="4">
    <subfield code="a">Tortillas.</subfield>
    <subfield code="9">114316</subfield>
  </datafield>
  <datafield tag="856" ind1=" " ind2=" ">
    <subfield code="u">http://10.13.5.2/tesis/109365.pdf</subfield>
    <subfield code="z">DESCARGAR PDF</subfield>
  </datafield>
  <datafield tag="901" ind1=" " ind2=" ">
    <subfield code="a">BK</subfield>
  </datafield>
  <datafield tag="942" ind1=" " ind2=" ">
    <subfield code="c">TD</subfield>
    <subfield code="2">Clasificaci&#xF3;n Universidad Aut&#xF3;noma Chapingo</subfield>
  </datafield>
  <datafield tag="949" ind1=" " ind2=" ">
    <subfield code="a">Tesis</subfield>
    <subfield code="b">BC</subfield>
    <subfield code="c">TES</subfield>
    <subfield code="d">33724002109058</subfield>
    <subfield code="e">TS1</subfield>
    <subfield code="g">Donaci&#xD8;n</subfield>
    <subfield code="h">50110</subfield>
    <subfield code="i">109365</subfield>
    <subfield code="s">b</subfield>
  </datafield>
  <datafield tag="949" ind1=" " ind2=" ">
    <subfield code="a">Tesis</subfield>
    <subfield code="b">BC</subfield>
    <subfield code="c">TES</subfield>
    <subfield code="d">33724002109090</subfield>
    <subfield code="e">TS1</subfield>
    <subfield code="f">c.2</subfield>
    <subfield code="g">Donaci&#xD8;n</subfield>
    <subfield code="h">50111</subfield>
    <subfield code="i">109365</subfield>
    <subfield code="s">b</subfield>
  </datafield>
  <datafield tag="999" ind1=" " ind2=" ">
    <subfield code="c">97708</subfield>
    <subfield code="d">97708</subfield>
  </datafield>
  <datafield tag="952" ind1=" " ind2=" ">
    <subfield code="0">0</subfield>
    <subfield code="1">0</subfield>
    <subfield code="2">local</subfield>
    <subfield code="4">0</subfield>
    <subfield code="5">1</subfield>
    <subfield code="7">0</subfield>
    <subfield code="8">TesDigL</subfield>
    <subfield code="a">BD</subfield>
    <subfield code="b">BD</subfield>
    <subfield code="c">E_L</subfield>
    <subfield code="d">2025-02-06</subfield>
    <subfield code="l">0</subfield>
    <subfield code="o">Tesis digital</subfield>
    <subfield code="r">2025-02-06 13:19:36</subfield>
    <subfield code="w">2025-02-06</subfield>
    <subfield code="y">TD</subfield>
  </datafield>
</record>
